000 00465nam a22001697a 4500
003 MPLRDC
005 20220104144307.0
008 210129b ||||| |||| 00| 0 eng d
082 _a859.6 SSSN v.3
100 _a马哈茂德. 萨利姆著, 残玉, 郭晓勇著
245 _a杀手之谜, 希拉姆国王的宝库
_c
260 _a
_b解放军出版社
_c1990
300 _b
490 _a十三少年历险记; 3
650 _a
942 _cBK
_o859.6 SSSN v.3
999 _c48217
_d48207